Recitationes Aliqvot 1. De Consilio Scripti Libri Concordiae, Et Modo Agendi, qui subscriptionibus seruatus est: 2. De Persona Christi Et Coena Domini: 3. De Avtoritate Et Sententia Confessionis Augustanae: 4. De Avtoritate Lvtheri Et Philippi: 5. De Controversis Nonnvllis articulis: Lipsiae publicè pronunciatae ad iuuentutem veritatis coelestis et pietatis studiosam, et oppositae cùm Nasi Pontificijs, tùm Sacramentariorum clamoribus et calumnijs, vno impetu simul et semel puriores Ecclesias praegrauantibus, Scriptae à Nicolao Selneccero D...

Bibliographic Details
Main Author: Selnecker, Nikolaus, 1530-1592 (Author, Dedicator, hrn)
Corporate Author: Deffner, Georg (Lipsko, Nemecko) (Printer)
Other Authors: Deffner, Georg, zomrel 1587 (Printer), Drabitius, Lorenz (Contributor), Stigel, Johann, 1515-1562 (Contributor), D.G.F (Contributor), G.S.F (Contributor)
Format: Book
Language:Latin
PhysicalDescription:[20], 316 [správne 318], [1] s. 4°
Published: Lipsiae Imprimebat Georgivs Defnervs M. D. LXXXI. [=1581]
Subjects:

MARC

LEADER 00000nam a2200000 a 4500
001 vtls011726172
003 SK-MaSNL
005 20260302020537.0
008 240318s1581 gw 001 0 lat
015 |a SNBHFA1581 
035 |a 54491E2B-78D8-47ED-8206-4CB76861A4F2 
035 |a urn:nbn:sk:snk-am3ha68 
035 |a urn:nbn:sk:snk-am00cr7g 
040 |a SNKHF  |b slo  |c SNK  |e AACR2 
041 0 |a lat 
044 |a gw  |c DE 
072 7 |a 2-1  |x Prirodzená teológia. Náboženská filozofia  |2 konspekt 
080 |a 2-1  |2 2011 
100 1 |a Selnecker, Nikolaus,  |d 1530-1592  |4 aut  |9 170795 
245 1 0 |a Recitationes Aliqvot 1. De Consilio Scripti Libri Concordiae, Et Modo Agendi, qui subscriptionibus seruatus est: 2. De Persona Christi Et Coena Domini: 3. De Avtoritate Et Sententia Confessionis Augustanae: 4. De Avtoritate Lvtheri Et Philippi: 5. De Controversis Nonnvllis articulis: Lipsiae publicè pronunciatae ad iuuentutem veritatis coelestis et pietatis studiosam, et oppositae cùm Nasi Pontificijs, tùm Sacramentariorum clamoribus et calumnijs, vno impetu simul et semel puriores Ecclesias praegrauantibus, Scriptae à Nicolao Selneccero D... 
260 |a Lipsiae  |b Imprimebat Georgivs Defnervs  |c M. D. LXXXI. [=1581] 
300 |a [20], 316 [správne 318], [1] s.  |c 4° 
500 |a Vineta, iniciálky s ornamentálnym pozadím vo voľnom priestore na 6, 7 r., marginálie, kustódy 
501 |a Príväzok 1. k: MELANCHTHON, Philipp. Quarta pars Excaminis theologici. Lipsiae : ex off. typogr. Abrahami Lambergi, 1592, 4°.  |5 SNK IC 143790 
508 |a Ded.: Selnecker, Nikolaus; Braunschweig - rada mesta; príl. b.: Drabitius, Lorenz; D.G.F.; G.S.F.; Stigel, Johann 
510 4 |a VD 16 S/5652 
550 |a Údaje do impresa doplnené aj z kolofónu, na titulnom liste uvedené len: Lipsiae 
650 0 7 |a teológia  |2 SNK  |9 1814 
700 1 |a Zaiová, Margita,  |d 1868-1937  |4 own  |9 186369 
700 1 |a Kadarász, Ernest  |4 oth  |9 302455 
700 1 |a Selnecker, Nikolaus,  |d 1530-1592  |4 hrn  |4 dto  |9 170795 
700 1 |a Deffner, Georg,  |d zomrel 1587  |4 prt  |9 180454 
700 1 |a Drabitius, Lorenz  |4 ctb  |9 663625 
700 1 |a Stigel, Johann,  |d 1515-1562  |4 ctb  |9 175089 
700 0 |a D.G.F.  |4 ctb  |9 663626 
700 0 |a G.S.F.  |4 ctb  |9 663627 
710 2 |a rada mesta (Braunschweig, Nemecko)  |4 hnr  |9 663628 
710 0 |a Deffner, Georg (Lipsko, Nemecko),  |d 1580-1587  |4 prt  |9 408249 
752 |a Nemecko  |d Leipzig 
852 |a SNK  |b Zaiova knižnica: Zay M 222, prív. 1.  |p IC 143790 
958 |a ONDV 
999 |c 1025539  |d 1027469 
952 |t Zay 222  |a SNK  |b SNK  |c SNK_HF  |y PREZ  |7 0  |p 17A1299174  |o snkIC 143790/prív.1  |i snk2017/27147  |8 5  |0 0  |1 0  |4 0  |d 2017-12-07  |f 1  |l 0  |r 2026-02-24 13:37:28  |w 2026-02-24